Centro de Documentación

Del Conflicto a la Conciliación, del Combate a la Mediación : (Record no. 463)

MARC details
000 -LEADER
campo de control de longitud fija 00787nam a2200205 i 4500
005 - FECHA Y HORA DE LA ÚLTIMA TRANSACCIÓN
campo de control 20260528113840.0
007 - CAMPO FIJO DE DESCRIPCIÓN FÍSICA--INFORMACIÓN GENERAL
campo de control de longitud fija ta
008 - DATOS DE LONGITUD FIJA--INFORMACIÓN GENERAL
campo de control de longitud fija 260527b cr ||||gr|||| 00| 0 spa d
040 ## - FUENTE DE CATALOGACIÓN
Centro catalogador/agencia de origen crsjilan
Lengua de catalogación spa
Centro/agencia transcriptor crsjilan
Normas de descripción rda
041 0# - CÓDIGO DE IDIOMA
Código de lengua del texto/banda sonora o título independiente spa
082 0# - NÚMERO DE LA CLASIFICACIÓN DECIMAL DEWEY
Número de clasificación 347.09
Número de ítem V455d
100 1# - ENTRADA PRINCIPAL--NOMBRE DE PERSONA
Nombre de persona Venegas Villegas, Egennery
Término indicativo de función/relación autora
9 (RLIN) 520
245 14 - MENCIÓN DEL TÍTULO
Título Del Conflicto a la Conciliación, del Combate a la Mediación :
Resto del título Del Combate a la Mediación : -Una respuesta a los conflictos familiares - .
264 #1 - PRODUCCIÓN, PUBLICACIÓN, DISTRIBUCIÓN, FABRICACIÓN Y COPYRIGHT
Producción, publicación, distribución, fabricación y copyright [Lugar de publicación no identificado] :
Nombre del de productor, editor, distribuidor, fabricante [Productor de publicación no identificado] ,
Fecha de producción, publicación, distribución, fabricación o copyright [Fecha de publicación no identificada]
300 ## - DESCRIPCIÓN FÍSICA
Extensión 97 páginas ;
Dimensiones 20,1 cm
336 ## - TIPO DE CONTENIDO
Fuente rdacontent
Término de tipo de contenido texto
337 ## - TIPO DE MEDIO
Fuente rdamedia
Nombre/término del tipo de medio sin mediación
338 ## - TIPO DE SOPORTE
Fuente rdacarrier
Nombre/término del tipo de soporte volumen
942 ## - ELEMENTOS DE ENTRADA SECUNDARIOS (KOHA)
Fuente de la clasificación o esquema de estantería Clasificación Decimal Dewey
Suprimir en OPAC No
Tipo de ítem Koha Libros
Holdings
Estatus retirado Estado de pérdida Fuente de la clasificación o esquema de estantería Estado de daño No para préstamo Biblioteca de origen Biblioteca actual Ubicación en estantería Fecha de adquisición Total de préstamos Código de barras Visto por última vez Precio de reemplazo Tipo de ítem Koha
    Clasificación Decimal Dewey     Centro de Documentación Centro de Documentación Colección general 27/05/2026   00602 27/05/2026 27/05/2026 Libros
    Clasificación Decimal Dewey     Centro de Documentación Centro de Documentación Colección general 27/05/2026   00603 27/05/2026 27/05/2026 Libros